000 00419nam a2200181Ia 4500
008 230524s9999 xx 000 0 und d
020 _a9780070483866
082 _a658.12
_bVOH
100 _aN.D.Vohra
245 0 _aFutures and Options
250 _a2ND
260 _aNEW DELHI
_bTMH
_c2009
300 _aXIX;381
500 _aQuantity Number: 10
650 _aManagement
700 _a B.R.Bagri
942 _cBK
999 _c46041
_d46041